ARRUPE JESUIT UNIVERSITY

CORONAVIRUS -STOP THE SPREAD - CLEAN,DISINFECT,COVER

After the famine : (Record no. 128381)

MARC details
000 -LEADER
fixed length control field 01129cam a2200277 a 4500
001 - CONTROL NUMBER
control field 4781306
003 - CONTROL NUMBER IDENTIFIER
control field ARRUPE
005 - DATE AND TIME OF LATEST TRANSACTION
control field 20181012120528.0
008 - FIXED-LENGTH DATA ELEMENTS--GENERAL INFORMATION
fixed length control field 861125s1986 sz a b i000 0 eng
010 ## - LIBRARY OF CONGRESS CONTROL NUMBER
LC control number 86226792
020 ## - INTERNATIONAL STANDARD BOOK NUMBER
International Standard Book Number 9221054012 (pbk.)
040 ## - CATALOGING SOURCE
Original cataloging agency DLC
Transcribing agency DLC
Modifying agency DLC
043 ## - GEOGRAPHIC AREA CODE
Geographic area code f-sj---
050 00 - LIBRARY OF CONGRESS CALL NUMBER
Classification number HC835.Z9
Item number F35 1986
082 00 - DEWEY DECIMAL CLASSIFICATION NUMBER
Classification number 363.8/83/09624
Edition number 19
300 ## - PHYSICAL DESCRIPTION
Other physical details ill. ;
Dimensions 24 cm.
245 10 - TITLE STATEMENT
Title After the famine :
Remainder of title a programme of action to strengthen the survival strategies of affected populations : report of the ILO Identification and Programming Mission to the Republic of the Sudan, September 1985.
Statement of responsibility, etc edited by Samir Radwan
260 ## - PUBLICATION, DISTRIBUTION, ETC. (IMPRINT)
Place of publication, distribution, etc Geneva :
Name of publisher, distributor, etc International Labour Office [for] Republic of the Sudan,
Date of publication, distribution, etc 1986.
300 ## - PHYSICAL DESCRIPTION
Extent xi, 309 p. :
504 ## - BIBLIOGRAPHY, ETC. NOTE
Bibliography, etc Includes bibliographical references.
650 #0 - SUBJECT ADDED ENTRY--TOPICAL TERM
Topical term or geographic name as entry element Famines
Geographic subdivision Sudan.
9 (RLIN) 42926
650 #0 - SUBJECT ADDED ENTRY--TOPICAL TERM
Topical term or geographic name as entry element Rural development
Geographic subdivision Sudan.
9 (RLIN) 42927
650 #0 - SUBJECT ADDED ENTRY--TOPICAL TERM
Topical term or geographic name as entry element Food supply
Geographic subdivision Sudan.
9 (RLIN) 42928
650 #0 - SUBJECT ADDED ENTRY--TOPICAL TERM
Topical term or geographic name as entry element Rural development projects
Geographic subdivision Sudan.
9 (RLIN) 42929
906 ## - LOCAL DATA ELEMENT F, LDF (RLIN)
a 7
b cbc
c orignew
d 3
e ncip
f 19
g y-gencatlg
942 ## - ADDED ENTRY ELEMENTS (KOHA)
Source of classification or shelving scheme Library of Congress Classification
Koha item type Monograph ( Printed materials)
Holdings
Withdrawn status Lost status Source of classification or shelving scheme Damaged status Not for loan Collection code Home library Current library Shelving location Date acquired Total Checkouts Full call number Barcode Date last seen Price effective from Koha item type
    Library of Congress Classification     Main Collection ARRUPE LIBRARY ARRUPE LIBRARY Main Collection 12/10/2018   HC835.Z9 F35 1986 46600002935 12/10/2018 12/10/2018 Monograph ( Printed materials)

 

Arrupe Library. PO Box MP320 Mt Pleasant, Harare, Zimbabwe
263 242 745411|librarian@aju.ac.zw